| 000 | 00531nam a2200181 a 4500 | ||
|---|---|---|---|
| 001 | 1304 | ||
| 003 | CO-ViMGA | ||
| 008 | 141112s2004 ck r 000 u spa d | ||
| 040 |
_aCO-ViMGA _bspa _cCO-ViMGA |
||
| 082 | 0 | 4 | _a853.91 T65s |
| 100 | 1 |
_aTomasi di Lampedusa, Giuseppe _949488 |
|
| 245 | 1 | 0 | _aLa sirena y otros relatos |
| 260 |
_aBarcelona : _bNorma, _c1992 |
||
| 300 | _a132, 63 p | ||
| 490 | _aEncuadernado con A propósito de Giuseppe Tomasi di Lampedusa y su obra | ||
| 650 | 1 | 4 |
_aCUENTOS ITALIANOS _93221 |
| 942 |
_2ddc _cBK |
||
| 999 |
_c13520 _d13520 |
||